000 00541nam a2200157 4500
001 123847
003 ES-MaACL
005 20230906192244.0
007 t|
008 070214s1935 mx r ||||1| spa d
100 1 _aRamírez, Rafael.
_995107
245 1 0 _aFormación y capacidad de los maestros rurales para hacer eficaz la acción de la escuela en los pueblos indígenas /
_cpor Rafael Ramírez.
260 _aMéxico :
_b[s. n.],
_c1935 (
_fTalleres Gráficos de la Nación)
300 _a7 p. ;
_c23 cm.
852 _aES-MaACL
_j1818-F-23
999 _c123847
_d123847